Longman preparation series for the TOEIS test : Introductory course

Na minha lista:
Detalhes bibliográficos
Autor principal: Lougheed, Lin
Formato: Livro
Idioma:Undetermined
Publicado em: New York Longman 2005
Assuntos:
Tags: Adicionar Tag
Sem tags, seja o primeiro a adicionar uma tag!
Thư viện lưu trữ: Trung tâm Học liệu Trường Đại học Cần Thơ
LEADER 00682nam a2200205Ia 4500
001 CTU_199345
008 210402s9999 xx 000 0 und d
082 |a 428.076 
082 |b L887 
100 |a Lougheed, Lin 
245 0 |a Longman preparation series for the TOEIS test : 
245 0 |b Introductory course 
245 0 |c Lin Lougheed 
260 |a New York 
260 |b Longman 
260 |c 2005 
650 |a Test of English for internationl communication,English laguage,English language 
650 |x Study guide,Business English,Examination,Study guide,Text book for foreign speakers 
904 |i Tuyến 
980 |a Trung tâm Học liệu Trường Đại học Cần Thơ